[Event "DEM U12/U12w 2006"]
[Site "Willingen GER"]
[Date "2006.06.09"]
[Round "9"]
[White "Marquardt, Patrick"]
[Black "Quaschner, Manuel"]
[Result "1-0"]
[Termination "normal"]
[Board "26"]
[WhiteElo "1505"]
[BlackElo "1394"]
[PlyCount "59"]
[WhiteFideId "4670086"]
[BlackFideId "24690139"]
[EventCountry "GER"]
[EventRounds "11"]
[EventType "swiss"]
[EventDate "2006.06.03"]

1. e4 c5 2. Nf3 e6 3. d4 cxd4 4. Nxd4 Nf6 5. Bg5 Qa5+ 6. Bd2 Qc7 7. Nc3 a6 8.
Be3 Nc6 9. Be2 Bb4 10. Bd3 O-O 11. O-O h6 12. Nxc6 bxc6 13. f4 Be7 14. e5 Nd5
15. Nxd5 cxd5 16. Qg4 Bc5 17. Rf3 Bxe3+ 18. Rxe3 Qc5 19. Rae1 Re8 20. Kh1 Bb7
21. Rg3 Qf8 22. Qh4 g6 23. Rf1 Kh8 24. Bxg6 fxg6 25. Rxg6 Kh7 26. Rf3 Qg7 27.
Rxg7+ Kxg7 28. Rg3+ Kf8 29. Qxh6+ Ke7 30. Qf6# 1-0

[Event "DEM U12/U12w 2006"]
[Site "Willingen GER"]
[Date "2006.06.09"]
[Round "9"]
[White "Schreiner, Till"]
[Black "Orhan, Eda"]
[Result "1/2-1/2"]
[Termination "normal"]
[Board "27"]
[WhiteElo "1499"]
[BlackElo "1391"]
[PlyCount "45"]
[WhiteFideId "24675555"]
[BlackFideId "24659258"]
[EventCountry "GER"]
[EventRounds "11"]
[EventType "swiss"]
[EventDate "2006.06.03"]

1. d4 d5 2. Nf3 Nf6 3. c4 c6 4. Nc3 e6 5. Bg5 Nbd7 6. e3 Qa5 7. Bd3 Bb4 8. Qc2
Bxc3+ 9. Qxc3 Qxc3+ 10. bxc3 dxc4 11. Bxc4 b5 12. Bd3 Bb7 13. O-O a6 14. a4 O-O
15. Rab1 Ra7 16. Rfe1 Nd5 17. Rec1 bxa4 18. c4 N5b6 19. c5 Nd5 20. e4 Nc7 21.
Ra1 Rfa8 22. Rxa4 Nb5 23. Nd2 1/2-1/2

[Event "DEM U12/U12w 2006"]
[Site "Willingen GER"]
[Date "2006.06.09"]
[Round "9"]
[White "Lindner, Sebastian"]
[Black "Grzeca, Pascal"]
[Result "1-0"]
[Termination "normal"]
[Board "28"]
[WhiteElo "1496"]
[BlackElo "1359"]
[PlyCount "101"]
[WhiteFideId "4670221"]
[BlackFideId "24600741"]
[EventCountry "GER"]
[EventRounds "11"]
[EventType "swiss"]
[EventDate "2006.06.03"]

1. d4 d5 2. c4 e6 3. Nc3 Nf6 4. Nf3 Be7 5. Bg5 Ne4 6. Bxe7 Qxe7 7. e3 Nd7 8.
Bd3 Nxc3 9. bxc3 c5 10. O-O dxc4 11. Bxc4 O-O 12. Bb3 b6 13. e4 Ba6 14. Re1
cxd4 15. cxd4 e5 16. d5 Nc5 17. Re3 Rfd8 18. Ne1 Kh8 19. Nc2 Bb7 20. Qg4 Rd6
21. Rc3 Rg6 22. Qe2 Qh4 23. f3 Qg5 24. Ne3 Rd8 25. Nf5 Bc8 26. Ng3 Rh6 27. Qf2
Ba6 28. Bc4 Bc8 29. a4 a5 30. Bb5 Qh4 31. Nf1 Qxf2+ 32. Kxf2 Bg4 33. Ke3 Bc8
34. Rb1 Ba6 35. Bxa6 Nxa6 36. h3 Nc5 37. Rc4 Kg8 38. Nd2 Kf8 39. Nb3 Nxb3 40.
Rxb3 Rdd6 41. Rc7 Rhg6 42. Rb2 Ke8 43. Rbc2 Rd7 44. R7c6 Rxc6 45. Rxc6 Rb7 46.
Kd3 Kd7 47. Kc4 Rc7 48. Rxc7+ Kxc7 49. Kb5 g6 50. g4 h6 51. h4 1-0

[Event "DEM U12/U12w 2006"]
[Site "Willingen GER"]
[Date "2006.06.09"]
[Round "9"]
[White "Stark, Saskia"]
[Black "Weber, Max"]
[Result "1/2-1/2"]
[Termination "normal"]
[Board "29"]
[WhiteElo "1484"]
[BlackElo "1333"]
[PlyCount "105"]
[WhiteFideId "4601050"]
[BlackFideId "4624831"]
[EventCountry "GER"]
[EventRounds "11"]
[EventType "swiss"]
[EventDate "2006.06.03"]

1. e4 e6 2. d4 d5 3. Nd2 Nf6 4. e5 Nfd7 5. c3 c5 6. Ne2 Nc6 7. Nf3 Qb6 8. Ng3
cxd4 9. cxd4 Bb4+ 10. Bd2 O-O 11. a3 Bxd2+ 12. Qxd2 a6 13. Bd3 Qd8 14. O-O b5
15. Qc2 Qb6 16. Bxh7+ Kh8 17. Ne2 f5 18. exf6 Nxf6 19. Bd3 Bd7 20. Rac1 Rac8
21. Qb1 Rfe8 22. b3 Kg8 23. Rfe1 Kh8 24. Bg6 Re7 25. Rcd1 e5 26. dxe5 Nxe5 27.
Nxe5 Rxe5 28. Rd2 Qe6 29. Kf1 Qg4 30. h3 Qh4 31. Rd4 Qh6 32. Bc2 Bxh3 33. Nf4
Bxg2+ 34. Kxg2 Rxe1 35. Qxe1 Rxc2 36. Qe3 Qg5+ 37. Qg3 Qxg3+ 38. Kxg3 Rc3+ 39.
Kg2 Rxb3 40. a4 Rc3 41. axb5 axb5 42. Nxd5 Nxd5 43. Rxd5 b4 44. Rb5 b3 45. Kf1
Rc1+ 46. Ke2 Rb1 47. Kd3 Kh7 48. Kc3 Kh6 49. Rxb3 Rxb3+ 50. Kxb3 Kg5 51. Kc2
Kf4 52. Kd2 Kf3 53. Ke1 1/2-1/2

[Event "DEM U12/U12w 2006"]
[Site "Willingen GER"]
[Date "2006.06.09"]
[Round "9"]
[White "Sancar, Alina"]
[Black "Matschewsky, Justus"]
[Result "1-0"]
[Termination "normal"]
[Board "30"]
[WhiteElo "1330"]
[BlackElo "1449"]
[PlyCount "173"]
[WhiteFideId "4624750"]
[BlackFideId "24678708"]
[EventCountry "GER"]
[EventRounds "11"]
[EventType "swiss"]
[EventDate "2006.06.03"]

1. e4 e5 2. Nf3 Nc6 3. Bc4 Bc5 4. d3 d6 5. h3 Na5 6. Bb3 Nxb3 7. axb3 Ne7 8.
O-O O-O 9. Be3 Ng6 10. Bxc5 dxc5 11. Nc3 b6 12. Nd2 Nf4 13. Ne2 Qg5 14. Nxf4
Qxf4 15. Qe2 Qg5 16. Qe3 Qxe3 17. fxe3 Be6 18. Nf3 f6 19. Nh4 a5 20. Nf5 g6 21.
Ng3 c6 22. Rf2 Kg7 23. Ne2 b5 24. Nc3 Ra7 25. Kh2 Rfa8 26. Raf1 Rf8 27. g4 Raf7
28. Kg3 h6 29. Rd2 Rd7 30. h4 Rdf7 31. h5 g5 32. Kf3 Rd8 33. Ne2 Rfd7 34. Rfd1
Kf7 35. Ng3 Kg7 36. Nf5+ Bxf5 37. exf5 Rd6 38. Ra1 Ra8 39. c3 Kf7 40. Ke4 Rd7
41. Rc2 Ke7 42. b4 cxb4 43. cxb4 Rda7 44. bxa5 Rxa5 45. Rxa5 Rxa5 46. Rxc6 Ra2
47. Rc2 b4 48. d4 exd4 49. exd4 b3 50. Re2 Kd6 51. Kd3 Kd7 52. Kc3 Ra6 53. Kxb3
Rd6 54. Kc4 Rc6+ 55. Kd3 Rb6 56. d5 Rb5 57. Kc4 Ra5 58. Re6 Ra4+ 59. b4 Ra1 60.
Rxf6 Rc1+ 61. Kb5 Rg1 62. Rxh6 Rxg4 63. Rg6 Rd4 64. d6 Rd5+ 65. Kb6 Rxf5 66. h6
g4 67. h7 Rh5 68. Rxg4 Rxh7 69. Rd4 Rh8 70. Kb7 Rc8 71. b5 Rc1 72. b6 Rc2 73.
Ka6 Ra2+ 74. Kb5 Rb2+ 75. Rb4 Rh2 76. b7 Rh8 77. Kc5 Rb8 78. Rb3 Rh8 79. b8=Q
Rh5+ 80. Kb6 Rd5 81. Qc7+ Ke6 82. Qe7+ Kf5 83. Rf3+ Kg4 84. Qe4+ Kg5 85. Qxd5+
Kg6 86. Qg8+ Kh6 87. Rh3# 1-0

[Event "DEM U12/U12w 2006"]
[Site "Willingen GER"]
[Date "2006.06.09"]
[Round "9"]
[White "Rozenfeld, Elisabeth"]
[Black "Kügel, Tobias"]
[Result "0-1"]
[Termination "normal"]
[Board "31"]
[WhiteElo "1271"]
[BlackElo "1408"]
[PlyCount "100"]
[WhiteFideId "4624742"]
[BlackFideId "4636295"]
[EventCountry "GER"]
[EventRounds "11"]
[EventType "swiss"]
[EventDate "2006.06.03"]

1. e4 e5 2. Nf3 Nc6 3. Bc4 Bc5 4. O-O d6 5. c3 Be6 6. Bxe6 fxe6 7. d4 exd4 8.
cxd4 Bb6 9. Bg5 Qd7 10. Re1 h6 11. Bf4 O-O-O 12. Nc3 Nf6 13. a4 Kb8 14. b4 a6
15. b5 axb5 16. axb5 Na7 17. Qa4 g5 18. Be3 c6 19. Reb1 cxb5 20. Nxb5 Nxb5 21.
Rxb5 Kc7 22. Rc1+ Kb8 23. Qb3 Ba7 24. Rb1 Rh7 25. Nd2 Rc8 26. Nc4 Rc7 27. e5
Ne8 28. Na5 Kc8 29. h3 d5 30. Qb4 b6 31. Nb3 Rc4 32. Rc1 Rxc1+ 33. Nxc1 Rf7 34.
Nd3 Nc7 35. Nc5 bxc5 36. Rxc5 Bxc5 37. Qxc5 Qb5 38. Qd6 Qd7 39. Qa3 Kd8 40. Qa5
Ke8 41. Qb6 Kf8 42. Qc5+ Kg7 43. Qc1 Qa4 44. Qc5 Qc4 45. Qd6 Nb5 46. Qxe6 Nxd4
47. Qe8 Qc6 48. Qd8 Ne6 49. Qb8 d4 50. Bd2 Qc7 0-1

[Event "DEM U12/U12w 2006"]
[Site "Willingen GER"]
[Date "2006.06.09"]
[Round "9"]
[White "Alber, Alexander"]
[Black "Kühnel, Lena"]
[Result "1/2-1/2"]
[Termination "normal"]
[Board "33"]
[WhiteElo "1398"]
[BlackElo "1243"]
[PlyCount "111"]
[WhiteFideId "4640039"]
[BlackFideId "24640956"]
[EventCountry "GER"]
[EventRounds "11"]
[EventType "swiss"]
[EventDate "2006.06.03"]

1. d4 d5 2. c4 dxc4 3. Nf3 Nf6 4. Qa4+ Nbd7 5. Qxc4 Nb6 6. Qc2 Bg4 7. e4 Bxf3
8. gxf3 Qxd4 9. Qxc7 Rc8 10. Bb5+ Nfd7 11. Bxd7+ Qxd7 12. Qxd7+ Kxd7 13. Nc3 a6
14. Bd2 Nc4 15. b3 Nxd2 16. Kxd2 e6 17. Rhd1 Bb4 18. Rac1 Rhd8 19. Ke2+ Ke8 20.
Na4 Rxc1 21. Rxc1 Ke7 22. Rc2 Bd6 23. h3 Bf4 24. Nb2 b5 25. Nd3 Bb8 26. Nb4 Kf6
27. Nxa6 e5 28. Nc7 Bxc7 29. Rxc7 Ra8 30. Rc6+ Kg5 31. Rc5 f6 32. Rxb5 Rxa2+
33. Ke3 Kh4 34. Rb7 Ra3 35. f4 exf4+ 36. Kxf4 Kxh3 37. Rxg7 Rxb3 38. Rxh7+ Kg2
39. Rh6 Rf3+ 40. Kg4 Rxf2 41. Rh5 Re2 42. Kf5 Kg3 43. Rh6 Kf3 44. Rh3+ Kg2 45.
Rd3 Rf2+ 46. Kg4 Re2 47. Rd4 Kf2 48. Kf5 Ke3 49. Ra4 Kd3 50. Rb4 Kc3 51. Rb6
Rf2+ 52. Kg6 Kd4 53. Re6 Rf4 54. Re8 Rxe4 55. Rxe4+ Kxe4 56. Kxf6 1/2-1/2

[Event "DEM U12/U12w 2006"]
[Site "Willingen GER"]
[Date "2006.06.09"]
[Round "9"]
[White "Barzen, Pascal"]
[Black "Kormann, Jewgenija"]
[Result "1/2-1/2"]
[Termination "normal"]
[Board "34"]
[WhiteElo "1390"]
[BlackElo "1236"]
[PlyCount "96"]
[WhiteFideId "24653497"]
[BlackFideId "24606669"]
[EventCountry "GER"]
[EventRounds "11"]
[EventType "swiss"]
[EventDate "2006.06.03"]

1. d4 d5 2. c4 c6 3. Nc3 e6 4. cxd5 cxd5 5. Bf4 Nc6 6. Nf3 Bb4 7. e3 Qa5 8. Qc2
Nf6 9. Bd3 Bxc3+ 10. Qxc3 Qxc3+ 11. bxc3 a6 12. O-O h6 13. c4 dxc4 14. Bxc4 O-O
15. h4 Re8 16. Rfe1 Rd8 17. Rab1 Nd5 18. Bh2 Nf6 19. Ne5 Ne7 20. Rec1 Ne4 21.
Rb2 Nd6 22. Bb3 f6 23. Nc4 Nxc4 24. Bxc4 b5 25. Bb3 Bd7 26. Rc7 Rac8 27. Rbc2
Rxc7 28. Rxc7 Rc8 29. Rxc8+ Bxc8 30. Kf1 Kf8 31. e4 Ke8 32. Ke2 Nc6 33. d5 Nd4+
34. Kd3 Nxb3 35. axb3 exd5 36. exd5 Kd7 37. b4 Bb7 38. Kd4 Ke7 39. Kc5 Kd7 40.
f3 g6 41. d6 g5 42. hxg5 hxg5 43. Bg3 f5 44. Be5 g4 45. fxg4 fxg4 46. g3 Bf3
47. Kb6 Be2 48. Kxa6 Bc4 1/2-1/2

[Event "DEM U12/U12w 2006"]
[Site "Willingen GER"]
[Date "2006.06.09"]
[Round "9"]
[White "Chernova, Margarita"]
[Black "Schmitt, Katrin"]
[Result "1/2-1/2"]
[Termination "normal"]
[Board "35"]
[WhiteElo "1248"]
[BlackElo "1380"]
[PlyCount "56"]
[BlackFideId "24654400"]
[EventCountry "GER"]
[EventRounds "11"]
[EventType "swiss"]
[EventDate "2006.06.03"]

1. e4 c5 2. Nf3 a6 3. d4 cxd4 4. Nxd4 Nf6 5. Nc3 e5 6. Nf3 Bb4 7. Bd3 Nc6 8.
O-O d5 9. Bg5 Bxc3 10. bxc3 dxe4 11. Bxf6 gxf6 12. Bxe4 Qxd1 13. Raxd1 Bd7 14.
Rd6 Ke7 15. Rd3 Rad8 16. Rfd1 h6 17. Nh4 Be6 18. Nf5+ Bxf5 19. Bxf5 Rxd3 20.
Rxd3 Rd8 21. f3 Na5 22. Kf2 Nc4 23. Be4 Nd6 24. Bd5 b5 25. g4 Rg8 26. Re3 Kf8
27. Rd3 Ke7 28. Re3 Kf8 1/2-1/2

[Event "DEM U12/U12w 2006"]
[Site "Willingen GER"]
[Date "2006.06.09"]
[Round "9"]
[White "Spangenberg, Romy"]
[Black "Warmer, Marina"]
[Result "1/2-1/2"]
[Termination "normal"]
[Board "36"]
[WhiteElo "1344"]
[BlackElo "1036"]
[PlyCount "44"]
[WhiteFideId "4627997"]
[BlackFideId "12909840"]
[EventCountry "GER"]
[EventRounds "11"]
[EventType "swiss"]
[EventDate "2006.06.03"]

1. e4 e6 2. d4 d5 3. exd5 exd5 4. Bd3 Bd6 5. Qf3 c6 6. Bf4 Nf6 7. Bxd6 Qxd6 8.
h3 Be6 9. Ne2 Nbd7 10. Nd2 c5 11. c3 c4 12. Bc2 O-O 13. O-O a5 14. b3 b5 15. a4
b4 16. Rfb1 Rfb8 17. Bf5 Bxf5 18. Qxf5 Rc8 19. Qc2 Qe7 20. Re1 Qd6 21. Qa2 Nb6
22. Rac1 Rc7 1/2-1/2

[Event "DEM U12/U12w 2006"]
[Site "Willingen GER"]
[Date "2006.06.09"]
[Round "9"]
[White "Luther, Alexander"]
[Black "Veit, Björn"]
[Result "1/2-1/2"]
[Termination "normal"]
[Board "37"]
[WhiteElo "1248"]
[BlackElo "1500"]
[PlyCount "135"]
[WhiteFideId "24682616"]
[BlackFideId "24600717"]
[EventCountry "GER"]
[EventRounds "11"]
[EventType "swiss"]
[EventDate "2006.06.03"]

1. e4 e6 2. d4 d5 3. e5 c5 4. c3 Nc6 5. Nf3 Bd7 6. Be2 Qb6 7. O-O cxd4 8. cxd4
Nge7 9. Na3 Nf5 10. Nc2 Be7 11. Rb1 f6 12. Kh1 fxe5 13. Nxe5 Nfxd4 14. Nxd4
Qxd4 15. Nxc6 Qxd1 16. Rxd1 Bxc6 17. Bf4 O-O 18. g3 Bf6 19. Bd2 e5 20. f4 e4
21. Bb4 Rfe8 22. Kg2 d4 23. Bc4+ Kh8 24. g4 e3+ 25. Kg3 g6 26. g5 Bg7 27. Bf7
Re4 28. Bc4 d3 29. b3 d2 30. Bxd2 exd2 31. Rxd2 Bc3 32. Rd6 Bb4 33. Rd3 Re2 34.
a4 Be4 35. Rdd1 Re3+ 36. Kf2 Rf3+ 37. Ke2 Rxf4 38. Rd4 Raf8 39. Ke3 Bc5 40.
Rbd1 Bxd4+ 41. Rxd4 Rf3+ 42. Kxe4 R8f4+ 43. Ke5 Rxd4 44. Kxd4 Rh3 45. Bd5 b6
46. Kc4 Rxh2 47. Bf3 Rc2+ 48. Kb5 Rc7 49. Ka6 Kg7 50. Bb7 Rc5 51. Kxa7 b5 52.
Bc6 bxa4 53. Bxa4 Rxg5 54. Ka6 h5 55. Bc6 h4 56. b4 Rf5 57. b5 Rf6 58. Ka7 h3
59. Ba8 h2 60. b6 Rf8 61. Bc6 Rf7+ 62. b7 Rxb7+ 63. Kxb7 Kf6 64. Kb6 Kf5 65.
Kc5 Kf4 66. Kd4 g5 67. Kd3 g4 68. Ke2 1/2-1/2

[Event "DEM U12/U12w 2006"]
[Site "Willingen GER"]
[Date "2006.06.09"]
[Round "9"]
[White "Bohrmann, Sandra"]
[Black "von Schwerin, Clemens"]
[Result "1/2-1/2"]
[Termination "normal"]
[Board "38"]
[WhiteElo "1110"]
[BlackElo "1423"]
[PlyCount "43"]
[WhiteFideId "12905437"]
[BlackFideId "4613228"]
[EventCountry "GER"]
[EventRounds "11"]
[EventType "swiss"]
[EventDate "2006.06.03"]

1. e4 c5 2. Nc3 d6 3. Nf3 Nf6 4. Bc4 Nc6 5. d3 e6 6. Be3 d5 7. exd5 exd5 8.
Nxd5 Nxd5 9. O-O Nxe3 10. fxe3 Bd6 11. d4 cxd4 12. Nxd4 O-O 13. Nf3 Bc5 14. Qe2
Qe7 15. Rae1 Be6 16. Bxe6 Qxe6 17. Ng5 Qe7 18. Nf3 Rae8 19. Kh1 Qxe3 20. Qc4
Re4 21. Qxe4 Qxe4 22. Rxe4 1/2-1/2

[Event "DEM U12/U12w 2006"]
[Site "Willingen GER"]
[Date "2006.06.09"]
[Round "9"]
[White "Böhme, Lasse"]
[Black "Pohl, Theresa"]
[Result "1/2-1/2"]
[Termination "normal"]
[Board "39"]
[WhiteElo "1378"]
[BlackElo "1225"]
[PlyCount "55"]
[WhiteFideId "1270626"]
[EventCountry "GER"]
[EventRounds "11"]
[EventType "swiss"]
[EventDate "2006.06.03"]

1. d4 d5 2. c4 e6 3. Nc3 Nf6 4. Bg5 Be7 5. e3 O-O 6. Nf3 h6 7. Bh4 b6 8. Bd3
Bb7 9. O-O Nbd7 10. Rc1 c5 11. cxd5 exd5 12. dxc5 Nxc5 13. Nd4 Nxd3 14. Qxd3
Rc8 15. Rfd1 Ne4 16. Bxe7 Qxe7 17. Nde2 Rfd8 18. Nf4 Nxc3 19. Rxc3 Rc5 20. Rdc1
Rdc8 21. a3 Qe5 22. Qd2 Rc4 23. h3 b5 24. Rxc4 Rxc4 25. Rxc4 bxc4 26. Qd4 Qxd4
27. exd4 Kf8 28. Kf1 1/2-1/2

[Event "DEM U12/U12w 2006"]
[Site "Willingen GER"]
[Date "2006.06.09"]
[Round "9"]
[White "Marx, Inga"]
[Black "Schubert, Torsten"]
[Result "0-1"]
[Termination "normal"]
[Board "40"]
[WhiteElo "1078"]
[BlackElo "1347"]
[PlyCount "106"]
[WhiteFideId "4654749"]
[EventCountry "GER"]
[EventRounds "11"]
[EventType "swiss"]
[EventDate "2006.06.03"]

1. e4 c5 2. Nf3 d6 3. Bb5+ Nd7 4. O-O Ngf6 5. Nc3 a6 6. Be2 e5 7. d3 b5 8. Bg5
Be7 9. a3 Bb7 10. Nd2 b4 11. axb4 cxb4 12. Na4 Rc8 13. Nc4 Qc7 14. f4 Nc5 15.
fxe5 dxe5 16. Nab6 Rd8 17. Rf5 Ncxe4 18. Rxe5 h6 19. Bf4 Qc6 20. Bf3 Rd4 21.
Bxe4 Nxe4 22. Rxe4 f5 23. Re2 Rxf4 24. Qe1 Kd8 25. Qg3 Bc5+ 26. Kh1 g5 27. Na4
Rg8 28. Nxc5 Qxc5 29. Rae1 h5 30. Qe3 Qxe3 31. Rxe3 Rf2 32. R3e2 Bxg2+ 33. Kg1
Rxe2 34. Rxe2 Bf3 35. Rf2 g4 36. Kf1 Re8 37. Nd6 Rf8 38. Nb7+ Bxb7 39. Rf4 a5
40. Kf2 Ke7 41. Ke3 Ke6 42. Kd4 Rc8 43. c4 bxc3 44. bxc3 a4 45. c4 a3 46. Kc3
Ra8 47. Rf1 a2 48. Kb2 Rd8 49. Kc3 Kf6 50. Ra1 f4 51. Rxa2 g3 52. d4 g2 53. Ra1
f3 0-1

[Event "DEM U12/U12w 2006"]
[Site "Willingen GER"]
[Date "2006.06.09"]
[Round "9"]
[White "Schareck, Martin"]
[Black "Kneip, Jakob"]
[Result "1-0"]
[Termination "normal"]
[Board "41"]
[WhiteElo "1294"]
[BlackElo "1204"]
[PlyCount "99"]
[BlackFideId "12912859"]
[EventCountry "GER"]
[EventRounds "11"]
[EventType "swiss"]
[EventDate "2006.06.03"]

1. d4 Nf6 2. c4 g6 3. Nc3 Bg7 4. Bf4 d6 5. Nf3 O-O 6. e4 Nc6 7. d5 e5 8. Bg5
Ne7 9. Qd2 Nd7 10. Bh6 f5 11. Bxg7 Kxg7 12. Ng5 Nf6 13. exf5 Nxf5 14. Bd3 Ng4
15. O-O h6 16. Nf3 Nh4 17. Nxh4 Qxh4 18. h3 Nf6 19. Rfe1 Nh5 20. Re4 Nf4 21.
Ne2 Nxe2+ 22. Qxe2 Qf6 23. Re3 Bf5 24. Bxf5 Qxf5 25. Rf3 Qd7 26. Rg3 Rf6 27. h4
Raf8 28. Rf1 Qf7 29. b3 Kh7 30. Qc2 h5 31. Rg5 Rf5 32. Rxf5 Qxf5 33. Qxf5 Rxf5
34. g3 Kg7 35. f4 exf4 36. Rxf4 Rxf4 37. gxf4 Kf6 38. Kf2 Kf5 39. Kf3 a6 40. a3
a5 41. b4 a4 42. c5 dxc5 43. bxc5 b6 44. d6 Ke6 45. dxc7 Kd7 46. cxb6 Kc8 47.
Ke4 Kd7 48. f5 g5 49. hxg5 h4 50. Kf3 1-0

[Event "DEM U12/U12w 2006"]
[Site "Willingen GER"]
[Date "2006.06.09"]
[Round "9"]
[White "Rogasch, Miriam"]
[Black "Zimmerer, Leah"]
[Result "0-1"]
[Termination "normal"]
[Board "42"]
[WhiteElo "1085"]
[BlackElo "1291"]
[PlyCount "116"]
[WhiteFideId "4616324"]
[BlackFideId "4620240"]
[EventCountry "GER"]
[EventRounds "11"]
[EventType "swiss"]
[EventDate "2006.06.03"]

1. e4 c5 2. Nf3 Nc6 3. d4 cxd4 4. Nxd4 Nf6 5. Nc3 e5 6. Ndb5 d6 7. Nd5 Nxd5 8.
exd5 Nb8 9. Bd3 a6 10. Nc3 Be7 11. O-O O-O 12. f4 f5 13. Qe2 e4 14. Bc4 b5 15.
Bb3 Bb7 16. a4 b4 17. Na2 a5 18. Bd2 Ba6 19. Bc4 Qb6+ 20. Kh1 Rc8 21. Bxa6 Nxa6
22. c3 bxc3 23. Nxc3 Qxb2 24. Rfb1 Qc2 25. Rc1 Qb3 26. Rab1 Qc4 27. Qxc4 Rxc4
28. Rb7 Rc7 29. Rb5 Nb4 30. Na2 Rca7 31. Nxb4 axb4 32. Rxb4 Rxa4 33. Rxa4 Rxa4
34. h3 Rd4 35. Be3 Rxd5 36. Rc7 Kf8 37. Kh2 Rd3 38. Bc1 e3 39. Rc2 d5 40. Re2
d4 41. g4 g6 42. Kg2 Bd6 43. Kf3 Bc5 44. Kg3 Rd1 45. Rc2 Bb6 46. Kf3 d3 47.
Rc8+ Ke7 48. Bxe3 d2 49. Ke2 Re1+ 50. Kxd2 Rxe3 51. Rc7+ Bxc7 52. Kxe3 Kf6 53.
Kf3 fxg4+ 54. hxg4 h6 55. f5 g5 56. Ke4 Be5 57. Kd5 h5 58. gxh5 Kxf5 0-1

[Event "DEM U12/U12w 2006"]
[Site "Willingen GER"]
[Date "2006.06.09"]
[Round "9"]
[White "Lang, Sascha"]
[Black "Günther, Elisabeth"]
[Result "1-0"]
[Termination "normal"]
[Board "43"]
[WhiteElo "1400"]
[BlackElo "969"]
[PlyCount "79"]
[EventCountry "GER"]
[EventRounds "11"]
[EventType "swiss"]
[EventDate "2006.06.03"]

1. e4 e5 2. Nf3 Nc6 3. d4 exd4 4. Nxd4 Qh4 5. Be3 Qxe4 6. Nc3 Qe5 7. Nf3 Qd6 8.
Be2 Qxd1+ 9. Rxd1 Bb4 10. Bd2 Bxc3 11. Bxc3 Nf6 12. O-O d6 13. Bxf6 gxf6 14.
Rfe1 Bd7 15. Ba6+ Ne5 16. Bxb7 Rb8 17. Nxe5 fxe5 18. Be4 Rxb2 19. Rb1 Rxb1 20.
Rxb1 h6 21. Rb8+ Ke7 22. Rxh8 f5 23. Bd5 Ba4 24. Bb3 Bxb3 25. axb3 Kd7 26. Rxh6
Kc6 27. Kf1 Kb5 28. c3 Kc5 29. f4 Kd5 30. fxe5 dxe5 31. Rh4 f4 32. Ke2 c5 33.
g3 fxg3 34. hxg3 Ke6 35. Ke3 Kf5 36. Ra4 a6 37. Rxa6 e4 38. g4+ Kxg4 39. Kxe4
Kg3 40. Rf6 1-0

[Event "DEM U12/U12w 2006"]
[Site "Willingen GER"]
[Date "2006.06.09"]
[Round "9"]
[White "Hümmecke, Miriam"]
[Black "Veelders, Wiebke"]
[Result "1/2-1/2"]
[Termination "normal"]
[Board "44"]
[WhiteElo "1295"]
[BlackElo "997"]
[PlyCount "112"]
[BlackFideId "1270955"]
[EventCountry "GER"]
[EventRounds "11"]
[EventType "swiss"]
[EventDate "2006.06.03"]

1. e4 e6 2. d4 d5 3. exd5 exd5 4. Nf3 Bd6 5. Nc3 Ne7 6. Bd3 Bg4 7. Be3 Nd7 8.
h3 Bh5 9. g4 Bg6 10. Qd2 c6 11. O-O-O Qc7 12. Rhe1 O-O-O 13. h4 f6 14. h5 Bf7
15. Re2 Be6 16. Rg1 g6 17. h6 f5 18. Ng5 Nf8 19. Nxe6 Nxe6 20. gxf5 gxf5 21.
Ree1 f4 22. Kb1 fxe3 23. Qxe3 Nf4 24. Rg7 Nxd3 25. Qxd3 Rde8 26. Rxh7 Bf4 27.
Rexe7 Qxe7 28. Rxe7 Rxe7 29. Qf5+ Kd8 30. a3 Bxh6 31. Qf6 Rhh7 32. Qd6+ Kc8 33.
f4 Rd7 34. Qc5 Kb8 35. b4 Rhf7 36. Ne2 Bxf4 37. Nxf4 Rxf4 38. Qc3 Rg7 39. Qh3
Rfg4 40. Qh8+ Rg8 41. Qe5+ Kc8 42. b5 Re4 43. Qf5+ Kb8 44. Qf6 Kc8 45. bxc6
Rge8 46. Qf5+ R8e6 47. cxb7+ Kb8 48. Qxd5 Rb6+ 49. Ka2 Re2 50. Qc4 Re8 51. d5
Rxb7 52. d6 Ka8 53. d7 Reb8 54. Qc8 Rb2+ 55. Ka1 Rb1+ 56. Ka2 R1b2+ 1/2-1/2

[Event "DEM U12/U12w 2006"]
[Site "Willingen GER"]
[Date "2006.06.09"]
[Round "9"]
[White "Seel, Eric"]
[Black "Krtschil, Anna"]
[Result "0-1"]
[Termination "normal"]
[Board "46"]
[WhiteElo "897"]
[BlackElo "1077"]
[PlyCount "119"]
[BlackFideId "4611144"]
[EventCountry "GER"]
[EventRounds "11"]
[EventType "swiss"]
[EventDate "2006.06.03"]

1. e4 c5 2. Bc4 Nc6 3. Nc3 g6 4. d3 Bg7 5. Nf3 d6 6. Bg5 h6 7. Be3 Nf6 8. Qd2
Ng4 9. h3 Nxe3 10. fxe3 O-O 11. O-O b6 12. Nh2 e6 13. Rf3 Qg5 14. Qf2 Qe7 15.
Rd1 Ne5 16. Rg3 Nxc4 17. dxc4 Bb7 18. Qe2 Rad8 19. Rf3 Qg5 20. Rd3 Bxc3 21.
Rxc3 Bxe4 22. Rf2 d5 23. cxd5 exd5 24. a3 a5 25. a4 Rfe8 26. Ra3 Bf5 27. Nf3
Qg3 28. b3 d4 29. Qe1 dxe3 30. Re2 Qxe1+ 31. Nxe1 Rd1 32. Ra2 Bd7 33. c4 Bf5
34. Kh2 Kg7 35. Nc2 Bxc2 36. Raxc2 Rd3 37. Rb2 f5 38. Kg3 g5 39. Kf3 f4 40. Re1
Kf6 41. Ke2 Rd2+ 42. Rxd2 exd2+ 43. Kxd2 Rxe1 44. Kxe1 Ke5 45. Ke2 Ke4 46. Kf2
Kd3 47. Kf3 Kc3 48. Kg4 Kxb3 49. Kh5 Kxc4 50. Kxh6 Kd3 51. Kxg5 c4 52. h4 c3
53. h5 c2 54. h6 c1=Q 55. Kg6 Qc6+ 56. Kg7 Qxg2+ 57. Kh8 f3 58. h7 Qh2 59. Kg7
Qxh7+ 60. Kxh7 0-1

[Event "DEM U12/U12w 2006"]
[Site "Willingen GER"]
[Date "2006.06.09"]
[Round "9"]
[White "Hüglin, Larissa"]
[Black "Vetter, Henrike"]
[Result "0-1"]
[Termination "normal"]
[Board "47"]
[WhiteElo "793"]
[BlackElo "836"]
[PlyCount "74"]
[WhiteFideId "12911933"]
[EventCountry "GER"]
[EventRounds "11"]
[EventType "swiss"]
[EventDate "2006.06.03"]

1. e4 e6 2. d4 d5 3. exd5 exd5 4. Bd3 Nc6 5. Ne2 Nf6 6. Bf4 Bd6 7. Qd2 O-O 8.
Nbc3 Bb4 9. O-O-O Be6 10. f3 a6 11. g4 Re8 12. Ng3 Nd7 13. h4 g6 14. Bh6 Nxd4
15. Qf4 Qf6 16. Qe3 Qe5 17. Qxe5 Nxe5 18. Nge2 Ndxf3 19. h5 Nxg4 20. Rdf1 Nxh6
21. Rxf3 gxh5 22. Rxh5 Bg4 23. Rg5+ Kf8 24. Rf4 Bxe2 25. Nxe2 Bd6 26. Rf3 Be7
27. Rh5 Bf6 28. Bxh7 Rxe2 29. Bd3 Re5 30. Rh2 Ng4 31. Rg2 Ne3 32. Rh2 Rae8 33.
Kd2 Bg5 34. Rh8+ Kg7 35. Rh7+ Kg8 36. Rh1 Nc4+ 37. Kd1 Nxb2# 0-1

[Event "DEM U12/U12w 2006"]
[Site "Willingen GER"]
[Date "2006.06.09"]
[Round "9"]
[White "Holzmann, Arthur"]
[Black "Weißenburg, Isabel"]
[Result "0-1"]
[Termination "normal"]
[Board "48"]
[WhiteElo "1099"]
[BlackElo "1255"]
[PlyCount "82"]
[BlackFideId "4612922"]
[EventCountry "GER"]
[EventRounds "11"]
[EventType "swiss"]
[EventDate "2006.06.03"]

1. Nf3 Nc6 2. d4 d5 3. Bf4 Bg4 4. e3 h6 5. h3 Bh5 6. Bd3 f6 7. g4 Bf7 8. O-O e6
9. e4 g5 10. Bg3 Nge7 11. c3 Qd7 12. exd5 Nxd5 13. Qc2 h5 14. Nbd2 hxg4 15.
hxg4 Nf4 16. Bxf4 gxf4 17. Ne4 Be7 18. Rfe1 O-O-O 19. a4 f5 20. gxf5 exf5 21.
Nc5 Bxc5 22. Bxf5 Rdg8+ 23. Kf1 Rh1+ 24. Ke2 Rxe1+ 25. Rxe1 Be6 26. Bxe6 Qxe6+
27. Kd1 Qg4 28. Qe4 Bd6 29. Kc2 Qg6 30. Qxg6 Rxg6 31. Ne5 Nxe5 32. dxe5 Re6 33.
Kd3 Rxe5 34. Rxe5 Bxe5 35. Kc4 Kd7 36. b4 Kd6 37. Kb3 f3 38. c4 Bg3 39. c5+ Kd5
40. Kc3 Bxf2 41. Kd3 Bg1 0-1